| 000 | 00925nam a2200229 u 4500 | ||
|---|---|---|---|
| 005 | 20260415064229.0 | ||
| 008 | 160603s2003 r 000 0 eng d | ||
| 020 | _a8427125194 | ||
| 035 | _aUPN01000211131 | ||
| 049 | _aCG | ||
| 050 | 4 |
_aLB2822.84 E8.5 _bM4.4 |
|
| 245 | 0 | 0 |
_aMejorar procesos, mejorar resultados en educación : _binvestigación europea sobre mejora de la eficacia escolar / _cMercedes Muñoz-Repiso Izaguirre ... [et al.] ; coord. Javier Murillo Torrecilla. |
| 260 |
_aBilbao, Esp. : _bMinisterio de Educación, Cultura y Deporte : _bUniversidad de Deusto, _c2003. |
||
| 300 |
_a367 p. : _btablas |
||
| 650 | 4 |
_aPROGRAMAS DE MEJORAMIENTO ESCOLAR - _zEUROPA _925100 |
|
| 650 | 4 |
_aEvaluación educativa _94298 |
|
| 650 | 4 |
_aEducación _xPlanificación _91146 |
|
| 700 | 1 |
_aMuñoz-Repiso Izaguirre, Mercedes, _ecoaut. |
|
| 700 | 1 |
_aMurillo Torrecilla, Javier, _ecoord. |
|
| 905 | 0 | 0 | _aLibro |
| 999 |
_c183232 _d183232 |
||